[Event "FSIMA June"]
[Site "Budapest HUN"]
[Date "2009.06.16"]
[Round "11"]
[White "Magyar,O"]
[Black "Bouah,L"]
[Result "0-1"]
[WhiteElo "2296"]
[BlackElo "2150"]

1.e4 c5 2.Nf3 Nc6 3.Bb5 Na5 4.Be2 e6 5.c4 Qc7 6.Nc3 a6 7.b3 d6 8.Bb2 Nf6
9.O-O Be7 10.d4 cxd4 11.Nxd4 O-O 12.Rc1 b6 13.Bd3 Bb7 14.Qe2 Rac8 15.Nd5 exd5
16.cxd5 Qd7 17.b4 Nc4 18.Bxc4 b5 19.Bd3 Rfe8 20.Rxc8 Rxc8 21.e5 dxe5 22.Nf5 Bxb4
23.Qxe5 Qxd5 24.Qg3 Nh5 25.Qg4 Qxg2+ 26.Qxg2 Bxg2 27.Kxg2 Nf4+ 28.Kf3 Nxd3
29.Bxg7 Rc1 30.Rxc1 Nxc1 31.Ke4 Nxa2 32.Kd5 h5 33.Bd4 Kh7 34.Kc6 Kg6 35.Ne3 Bc3  0-1

[Event "XLIV Capablanca Memorial Open"]
[Site "Havana CUB"]
[Date "2009.06.16"]
[Round "8"]
[White "Valdes,A"]
[Black "Fernandez,Alex"]
[Result "0-1"]
[WhiteElo "2233"]
[BlackElo "2399"]

1.e4 c5 2.Nf3 Nc6 3.Bb5 e6 4.O-O Nge7 5.Nc3 a6 6.Bxc6 Nxc6 7.d4 cxd4 8.Nxd4 d6
9.Re1 Be7 10.Nxc6 bxc6 11.Qg4 g6 12.Bh6 e5 13.Qg3 g5 14.Rad1 Rg8 15.h4 Rg6
16.hxg5 f6 17.Qf3 fxg5 18.Qh5 Qc7 19.Re3 Be6 20.Rg3 Bf7 21.Rdd3 Qd7 22.Rdf3 Qe6
23.Rxf7 Qxf7 24.Bxg5 Rg7 25.Qh4 O-O-O 26.Bxe7 Qxe7 27.Qh3+ Kb8 28.Rd3 Qg5
29.g3 Qc1+ 30.Rd1 Qxc2 31.Qh6 Rf7 32.Qe3 Rdf8 33.Rf1 Kb7 34.f3 Rg8 35.g4 d5
36.exd5 cxd5 37.Qxe5 Qf5 38.Qd4 h5 39.Qxd5+ Qxd5 40.Nxd5 hxg4 41.f4 g3 42.Rf3 Rd7
43.Nf6 Rd1+ 44.Kg2 Rd2+ 45.Kg1 Rc8 46.Ne4 Rc1+ 47.Rf1 Rxf1+ 48.Kxf1 g2+ 49.Kg1 Rxb2
50.f5 Kc7 51.f6 Kd8 52.a4 Ke8 53.a5 Kf7 54.Nc5 Kxf6 55.Nxa6 Kf5 56.Nc5 Kg4
57.Kh2 Kf3 58.a6 Rb1  0-1

[Event "Open"]
[Site "Teplice CZE"]
[Date "2009.06.16"]
[Round "4"]
[White "Volek,R"]
[Black "Bartos,J"]
[Result "0-1"]
[WhiteElo "2035"]
[BlackElo "2188"]

1.e4 c5 2.Nf3 Nc6 3.Bb5 e6 4.Bxc6 bxc6 5.e5 Ne7 6.b3 Ng6 7.Bb2 f6 8.d3 fxe5
9.Nxe5 Nxe5 10.Bxe5 Qg5 11.Bg3 Be7 12.Nd2 O-O 13.O-O Qd5 14.Qe2 d6 15.Ne4 e5
16.f4 exf4 17.c4 Qe5 18.Bf2 d5 19.Nc3 Qxe2 20.Nxe2 d4 21.Rae1 Bd6 22.b4 cxb4
23.Nxd4 Bd7 24.Ne6 Rfe8 25.c5 Bb8 26.Nd4 Bc7 27.a3 bxa3 28.Rxe8+ Rxe8 29.Ra1 Rb8
30.Kf1 Be5 31.Rxa3 Rb1+ 32.Ke2 Rb2+ 33.Kf3 Rxf2+ 34.Kxf2 Bxd4+ 35.Kf3 Bxc5
36.Ra6 Kf7 37.Kxf4 Ke6 38.Ke4 Kd6 39.d4 Bb6 40.h3 Be8 41.Ra1 Bg6+ 42.Ke3 Kd5
43.Rd1 a5 44.Rd2 a4 45.Ra2 Bxd4+ 46.Kd2 c5 47.Rxa4 c4  0-1

[Event "13th Master Open"]
[Site "Voronezh RUS"]
[Date "2009.06.16"]
[Round "5"]
[White "Sergienko,S"]
[Black "Smirnov,P"]
[Result "0-1"]
[WhiteElo "2411"]
[BlackElo "2575"]

1.e4 c5 2.Nf3 Nc6 3.Bb5 e6 4.O-O Nge7 5.Re1 Qb6 6.Na3 Ng6 7.b3 Be7 8.Bb2 O-O
9.e5 f6 10.Bd3 Nf4 11.Nc4 Qc7 12.Bf1 b5 13.exf6 Bxf6 14.Bxf6 Rxf6 15.Ne3 Bb7
16.g3 Raf8 17.Ng4 Rg6 18.Nh4 Nd4 19.d3 Rg5 20.c3 Nf3+ 21.Nxf3 Bxf3 22.Qxf3 Nh3+
23.Bxh3 Rxf3 24.Rad1 h5 25.Ne3 h4 26.Bg2 Rf8 27.c4 hxg3 28.hxg3 b4 29.d4 Qa5
30.Re2 cxd4 31.Rxd4 Rf7 32.Red2 Qc7 33.Rd6 Ra5 34.R6d3 Qe5 35.Rc2 Kf8 36.Rd1 g5
37.Rcd2 Ra3 38.Rc2 Qc5 39.Re2 Ra6 40.Red2 Ke8 41.Be4 Kd8 42.Ng4 Kc8 43.Kg2 Rb6
44.Kg1 a5 45.Rd4 Ra6 46.Bc2 Ra7 47.Kg2 Rf8 48.R1d2 Qe7 49.Kg1 Rh8 50.Ne3 Rc7
51.Be4 Rc5 52.Rd1 Re5 53.Bb7+ Kc7 54.Bg2 d6 55.R4d3 g4 56.Nxg4 Re2 57.R3d2 Rxd2
58.Rxd2 Qg5 59.Ne3 a4 60.bxa4 Qa5 61.Nc2 b3  0-1

[Event "XLIV Capablanca Memorial Open"]
[Site "Havana CUB"]
[Date "2009.06.17"]
[Round "9"]
[White "Cori,J"]
[Black "Ordunez,E"]
[Result "1-0"]
[WhiteElo "2418"]
[BlackElo "2270"]

1.e4 c5 2.Nf3 Nc6 3.Bb5 g6 4.O-O Bg7 5.c3 Nf6 6.Re1 O-O 7.Bf1 d5 8.e5 Nd7
9.d4 cxd4 10.cxd4 Nb6 11.h3 Bf5 12.Nc3 Rc8 13.Be3 Nc4 14.g4 Nxe3 15.fxe3 Be6
16.Bg2 f6 17.exf6 exf6 18.Rf1 Na5 19.Nd2 Qd7 20.Qe2 Kh8 21.Rac1 a6 22.Qf3 f5
23.gxf5 Rxf5 24.Qg3 Rh5 25.h4 Qd8 26.Nf3 Bf6 27.Ng5 Bxg5 28.Qe5+ Bf6 29.Qxf6+ Qxf6
30.Rxf6 Rc6 31.Rf4 g5 32.hxg5 Rxg5 33.Kf2 Nc4 34.Rf8+ Kg7 35.Rb8 Rc7 36.Ne2 Rf7+
37.Nf4 Nxb2 38.Kg1 Bf5 39.Rf1 Nc4 40.Kf2 Rxg2+ 41.Nxg2 Bd3+ 42.Nf4 Bxf1 43.Kxf1 Nxe3+
44.Ke2 Nf5 45.Kd3 Nxd4 46.Nxd5 Nc6 47.Re8 h5 48.Re1 Rf2 49.Rh1 Kh6 50.a4 Ne5+
51.Ke4 Ng4 52.Nf4 Nf6+ 53.Ke5 Rf3 54.Rb1 Kg5 55.Ne6+ Kg4 56.Rxb7 Kg3 57.Nd4 Ng4+
58.Ke4 Re3+ 59.Kd5 Re5+ 60.Kd6 h4 61.Rb3+ Kg2 62.Rb2+ Kh3 63.Rb3+ Kg2 64.Rb2+ Kg3
65.Rb3+ Kf4 66.Ne6+ Kf5 67.Rf3+ Kg6 68.Rf4 Kh5 69.Rf3 Re3 70.Rf5+ Kh6 71.Nf4  1-0

[Event "Open"]
[Site "Teplice CZE"]
[Date "2009.06.18"]
[Round "6"]
[White "Novosadova,K"]
[Black "Zwardon,V"]
[Result "0-1"]
[WhiteElo "2043"]
[BlackElo "2231"]

1.e4 c5 2.Nf3 Nc6 3.Bb5 g6 4.O-O Bg7 5.c3 e5 6.Re1 Nge7 7.d3 a6 8.Ba4 b5
9.Bb3 O-O 10.Nbd2 d6 11.Nf1 Bg4 12.Ne3 Qd7 13.Nxg4 Qxg4 14.a3 h6 15.Be3 Rad8
16.h3 Qc8 17.Nh2 Kh7 18.f4 f5 19.fxe5 Bxe5 20.d4 Bxh2+ 21.Kxh2 fxe4 22.d5 Ne5
23.Bc2 Nf5 24.Bf4 e3 25.Bxe3 Nxe3 26.Rxe3 Rf2 27.Re2 Rdf8 28.Kg1 Rxe2 29.Qxe2 c4
30.Qe3 Qc7 31.a4 bxa4 32.Rxa4 Qb7 33.Qd2 Qb6+ 34.Qd4 Qxb2 35.Be4 Qc1+ 36.Kh2 Qf4+
37.Kg1 Qc1+ 38.Kh2 Rf1 39.Rxa6 Qf4+ 40.g3 Rf2+ 41.Kh1 Qc1+  0-1

[Event "13th FIDE Open"]
[Site "Voronezh RUS"]
[Date "2009.06.18"]
[Round "7"]
[White "Testova,V"]
[Black "Gerasko,V"]
[Result "1-0"]
[WhiteElo "1769"]
[BlackElo "2030"]

1.e4 c5 2.Nf3 Nc6 3.Bb5 a6 4.Bxc6 bxc6 5.O-O g6 6.c3 d5 7.Re1 Bg7 8.d3 e6
9.Be3 d4 10.cxd4 cxd4 11.Bg5 Qb6 12.Qc2 e5 13.Nbd2 f6 14.Nc4 Qc7 15.Bd2 Bf8
16.Ba5 Qb7 17.b4 Bd7 18.Rec1 Rb8 19.Nfd2 h5 20.f4 exf4 21.Nf3 Kf7 22.e5 Qa7
23.exf6 Kxf6 24.Qe2 Re8 25.Qd2 Bh6 26.Bb6 Qb8 27.Bxd4+ Kf7 28.Bxh8 Nf6 29.Bxf6 Kxf6
30.Qc3+ Kf5 31.Re1 g5 32.Rxe8 Qxe8 33.Re1 Qf7 34.Kh1  1-0

[Event "13th FIDE Open"]
[Site "Voronezh RUS"]
[Date "2009.06.18"]
[Round "7"]
[White "Kharmunova,N"]
[Black "Zhukov,Vi1"]
[Result "0-1"]
[WhiteElo "2128"]
[BlackElo "2191"]

1.e4 c5 2.Nf3 Nc6 3.Bb5 g6 4.Bxc6 dxc6 5.O-O Bg7 6.Re1 Nf6 7.e5 Nd5 8.c4 Nb4
9.d4 Bf5 10.Na3 Nd3 11.Re2 cxd4 12.h3 Nxc1 13.Rxc1 Bh6 14.Nd2 d3 15.Re1 Qd4
16.Rc3 Rd8 17.Nf3 Qd7 18.e6 fxe6 19.g4 d2 20.Re5 Bd3 21.g5 Bg7 22.Qxd2 Bf5
23.Qe3 O-O 24.c5 Bxh3 25.Nc4 Qd1+ 26.Kh2 Qf1 27.Nh4 Rxf2+ 28.Kg3 Qg1+  0-1

[Event "13th FIDE Open"]
[Site "Voronezh RUS"]
[Date "2009.06.18"]
[Round "7"]
[White "Potapov,Alexa2"]
[Black "Koshelev,V"]
[Result "1/2-1/2"]
[WhiteElo "2187"]
[BlackElo "1975"]

1.e4 c5 2.Nf3 Nc6 3.Bb5 d6 4.d4 cxd4 5.Qxd4 Bd7 6.Qd3 a6 7.Bxc6 Bxc6 8.Nc3 Nf6
9.Bg5 Qa5 10.Bxf6 gxf6 11.O-O-O e6 12.Nd4 Bd7 13.f4 b5 14.Kb1 b4 15.Nce2 Bb5
16.Nxb5 axb5 17.Qb3 Qa4 18.f5 Qxb3 19.cxb3 e5 20.Rd5 Rg8 21.Ng3 Rb8 22.Rc1 Kd8
23.Rcc5 h5 24.Rxb5 Rc8 25.Rxb4 h4 26.Nf1 Rxg2 27.Rc4 Rxc4 28.bxc4 Re2 29.Rd1 Rxe4
30.c5 Kc7 31.cxd6+ Bxd6 32.Kc2 Rf4 33.Ne3 Kc6 34.Kd3 Rf2 35.Rc1+ Kd7 36.Rc2 e4+
37.Kxe4 Rxc2 38.Nxc2 Bxh2 39.Kf3 Be5 40.b3 h3 41.Nb4 h2 42.Kg2 Kd6 43.a4 Bg3
44.Na6 Kc6 45.b4 Kb6 46.Nc5 Kc6 47.Ne4 Be5 48.Kh1 Bc7 49.Kg2 Be5 50.Nd2 Bf4
51.Nb3 Be5 52.Kh1 Bc7 53.Kg2 Be5 54.Nd2 Bf4 55.Ne4 Be5 56.Kh1 Bb8 57.Nxf6 Kb7
58.Nd7 Bd6  1/2-1/2

[Event "zt 2.3"]
[Site "San Jose CRC"]
[Date "2009.06.19"]
[Round "1"]
[White "Sanchez Enriquez,O"]
[Black "Gonzalez,Be CRC"]
[Result "1/2-1/2"]
[WhiteElo "2282"]
[BlackElo "2440"]

1.e4 c5 2.Nf3 Nc6 3.Bb5 g6 4.Bxc6 dxc6 5.d3 Bg7 6.h3 e5 7.Be3 Qd6 8.Qd2 Nf6
9.Nc3 Nd7 10.O-O Nf8 11.Bh6 Bxh6 12.Qxh6 Ne6 13.Ne2 f6 14.Nh4 Qf8 15.Qd2 Qg7
16.c3 O-O 17.Qe3 b6 18.Rad1 Ba6 19.f4 Qh6 20.Qg3 Qh5 21.Nf3 Rad8 22.c4 Qh6
23.Nh2 exf4 24.Nxf4 Nxf4 25.Rxf4 Qg7 26.Rdf1 Bc8 27.Ng4 Bxg4 28.Qxg4 Rxd3
29.Qe6+ Qf7 30.Qxc6 Qxc4 31.Kh1 Qd4 32.Qe6+ Kh8 33.Qe7 Qd6 34.Qxa7 Rd1 35.Qa6 Rxf1+
36.Rxf1 Re8 37.a4 Re6 38.Qb7 Re7 39.Qa6 Qe6 40.a5 bxa5 41.Rxf6 Qxa6 42.Rxa6 Rxe4
43.Rxa5 Rb4  1/2-1/2

[Event "SCT WIM"]
[Site "Stockholm SWE"]
[Date "2009.06.20"]
[Round "4"]
[White "Horn,E"]
[Black "Piarnpuu,L"]
[Result "1/2-1/2"]
[WhiteElo "2040"]
[BlackElo "2130"]

1.e4 c5 2.Nf3 Nc6 3.Bb5 g6 4.Bxc6 bxc6 5.O-O Bg7 6.Re1 Nh6 7.c3 f6 8.d4 cxd4
9.cxd4 d6 10.h3 Nf7 11.Nc3 O-O 12.Nh2 e5 13.d5 c5 14.g4 f5 15.gxf5 gxf5 16.Qh5 f4
17.Nf3 Qf6 18.Kh2 Qh6 19.Qxh6 Bxh6 20.Rg1+ Kh8 21.Nb5 Bd7 22.Na3 Rab8 23.b3 Rg8
24.Bd2 Bg5 25.Bc3 Bf6 26.Rac1 Rxg1 27.Rxg1 Rg8 28.Rxg8+ Kxg8 29.b4 cxb4 30.Bxb4 Kf8
31.Nd2 Ke7 32.Ndc4 Bh4 33.Kg2 Ba4 34.Nxd6 Nxd6 35.Nc4 Kd7 36.Nxe5+ Kc7 37.Nf3 Bxf2
38.Bxd6+ Kxd6 39.Kxf2 Bc2 40.Nd2 Ke5 41.h4 Bd1 42.a3 Bg4 43.Kg2 Kd4 44.Kf2 Kd3
45.Nf3 Kxe4 46.Ng5+ Kxd5 47.Nxh7 Ke5 48.Ng5 Bh5 49.Nf3+ Ke4 50.Nd2+ Kf5 51.Nf3 Kg4
52.a4 a5 53.Ne5+ Kxh4 54.Nc4 Bd1 55.Nxa5  1/2-1/2

[Event "13th Master Open"]
[Site "Voronezh RUS"]
[Date "2009.06.20"]
[Round "9"]
[White "Safarli,E"]
[Black "Sharafiev,A"]
[Result "1-0"]
[WhiteElo "2599"]
[BlackElo "2432"]

1.e4 c5 2.Nf3 Nc6 3.Bb5 d6 4.O-O Bd7 5.Re1 a6 6.Bf1 Bg4 7.h3 Bh5 8.c3 Nf6
9.d3 e6 10.g4 Bg6 11.Nh4 d5 12.Nxg6 hxg6 13.Qe2 dxe4 14.dxe4 Qc7 15.e5 Nd7
16.Bf4 Nb6 17.Nd2 Nd5 18.Bg3 g5 19.Nc4 Nf4 20.Bxf4 gxf4 21.Rad1 Rd8 22.Qf3 Rxd1
23.Rxd1 g5 24.Qd3 Bg7 25.Qd6 Qxd6 26.exd6 Ne5 27.d7+ Kd8 28.Nd6 Ke7 29.Nc8+ Kd8
30.Nd6 Ke7 31.Ne8 Rxe8 32.dxe8=Q+ Kxe8 33.Rd6 Nd7 34.Bg2 Ke7 35.Rd1 b6 36.Bb7 a5
37.Ba6 Ne5 38.Kf1 f5 39.gxf5 exf5 40.Bc8 a4 41.Bxf5 Nc4 42.Rd7+ Kf6 43.b3 axb3
44.axb3 Kxf5 45.bxc4 Bxc3 46.Ke2 Ke4 47.f3+ Kf5 48.Kd3 Bf6 49.Rd6  1-0

[Event "Open"]
[Site "Albena BUL"]
[Date "2009.06.21"]
[Round "2"]
[White "Georgiev,Kr"]
[Black "Videnova,I"]
[Result "1-0"]
[WhiteElo "2440"]
[BlackElo "2160"]

1.e4 c5 2.Nf3 Nc6 3.Bb5 Nf6 4.Qe2 g6 5.e5 Nd5 6.Qc4 Ncb4 7.Qb3 a6 8.Bc4 e6
9.Bxd5 Nxd5 10.d3 Bg7 11.O-O O-O 12.c4 Nb4 13.d4 Nc6 14.dxc5 Nxe5 15.Nxe5 Bxe5
16.Be3 d5 17.Nd2 d4 18.Nf3 dxe3 19.Nxe5 exf2+ 20.Rxf2 Qd4 21.Qg3 Qxc5 22.Rf1 Kg7
23.Qc3 f6 24.b4 Qe7 25.Ng4 e5 26.Nxf6 Bf5 27.Nd5 Qd6 28.Re1 Rae8 29.h3 Kg8
30.g4 Be6 31.Nf6+ Rxf6 32.Rxf6 Qd8 33.Rf2 Bf7 34.Rxe5 Rxe5 35.Qxe5 Bxc4 36.a3 Bf7
37.Kh2 b6 38.Qf6 Qc7+ 39.Qf4 Qe7 40.Rc2 a5 41.Rc8+ Kg7 42.Qd4+ Kh6 43.Rc2 axb4
44.axb4 b5 45.Rf2 Bc4 46.Kg3 Qc7+ 47.Qf4+ Qxf4+ 48.Kxf4 Kg7 49.g5 h6 50.h4 hxg5+
51.hxg5 Kf7 52.Ke5+ Ke7 53.Rh2  1-0

[Event "Oceania Zonal"]
[Site "Gold Coast AUS"]
[Date "2009.06.21"]
[Round "3"]
[White "Kempen,L"]
[Black "Lester,G"]
[Result "1/2-1/2"]
[WhiteElo "2050"]
[BlackElo "1801"]

1.e4 c5 2.Nf3 Nc6 3.Bb5 g6 4.O-O Bg7 5.Re1 e6 6.c3 Nge7 7.Na3 O-O 8.Bf1 d5
9.e5 f6 10.exf6 Bxf6 11.d3 Bd7 12.Bh6 Bg7 13.Bxg7 Kxg7 14.d4 Qb6 15.dxc5 Qxc5
16.Nc2 e5 17.Nxe5 Qxf2+ 18.Kh1 Bf5 19.Nxc6 Nxc6 20.Bd3 Be4 21.Bxe4 dxe4 22.Re2 Rad8
23.Nd4 Qf6 24.Rxe4 Rd6 25.Qg1 Nxd4 26.cxd4 Rb6 27.b3 Rc6 28.Re2 Rd6 29.Rd1 Rd5
30.h3 Rfd8 31.Red2 Qf4 32.Qe1 R8d7 33.Qe6 Qf6 34.Qe4 g5 35.Kg1 h5 36.Rd3 Rf5
37.Qe2 Kh6 38.d5 Re7 39.Re3 Qb6 40.Rd3 Rxd5 41.Kf2 Rxd3 42.Qxd3 Rxe3 43.Qxe3 Qf6+
44.Qf3 Kg6 45.Qxf6+ Kxf6 46.Ke3 Ke5 47.g3 g4 48.hxg4 hxg4 49.a3 b5 50.Kd3 Kd5
51.Ke3 Ke5 52.Kd3  1/2-1/2

[Event "Oceania Zonal"]
[Site "Gold Coast AUS"]
[Date "2009.06.26"]
[Round "9"]
[White "Levi,Ed"]
[Black "Brown,An"]
[Result "1-0"]
[WhiteElo "2216"]
[BlackElo "2085"]

1.e4 c5 2.Nf3 Nc6 3.Bb5 g6 4.O-O Bg7 5.c3 e5 6.Na3 Nge7 7.Nc4 O-O 8.Nd6 a6
9.Bxc6 dxc6 10.Nxc8 Rxc8 11.d3 Qd6 12.Qe2 Rfd8 13.Rd1 b5 14.Be3 f5 15.exf5 gxf5
16.Re1 Ng6 17.Rad1 h6 18.Qc2 Rd7 19.Qb3+ Kh7 20.Qa3 Bf8 21.Qxa6 Rcd8 22.h3 Qc7
23.d4 e4 24.Nh2 Bd6 25.Nf1 Nh4 26.d5 cxd5 27.Rxd5 Rg7 28.Ng3 Rg6 29.Red1 Bxg3
30.Rxd8 Nf3+ 31.gxf3 Bd6+ 32.Kf1 Qxd8 33.Bxc5 Qg5 34.Rxd6 exf3 35.Rd7+ Rg7
36.Rxg7+ Qxg7 37.Qa7  1-0

[Event "Oceania Zonal"]
[Site "Gold Coast AUS"]
[Date "2009.06.26"]
[Round "9"]
[White "Ambrus,E"]
[Black "Searle,Z"]
[Result "1-0"]
[WhiteElo "2375"]
[BlackElo "1791"]

1.e4 c5 2.Nf3 Nc6 3.Bb5 g6 4.c3 Bg7 5.O-O e5 6.d4 cxd4 7.cxd4 exd4 8.Bf4 Nge7
9.Bd6 O-O 10.Na3 a6 11.Bc4 b5 12.Bd5 d3 13.Rb1 Bb7 14.Qxd3 Na5 15.Bxb7 Nxb7
16.Be5 Bxe5 17.Nxe5 d5 18.Ng4 f6 19.Qd4 Qd6 20.Rbd1 Rad8 21.Nc2 Nc5 22.exd5 Qxd5
23.Nxf6+ Rxf6 24.Qxf6 Qxd1 25.Qxe7 Qd6 26.Qh4 Re8 27.Ne3 Ne4 28.Rd1 Nd2 29.Qg4 Rd8
30.h4 h5 31.Qg5 Kh7 32.Kh1 Qd3 33.Qe7+ Kg8 34.Nf1 Rd4 35.Nxd2 Qc2 36.Re1 Rxd2
37.Qe8+ Kg7 38.Re7+  1-0

[Event "Open"]
[Site "Albena BUL"]
[Date "2009.06.28"]
[Round "9"]
[White "Papazov,S"]
[Black "Spiridonov,Niko1"]
[Result "0-1"]
[WhiteElo "1945"]
[BlackElo "2359"]

1.e4 c5 2.Nf3 Nc6 3.Bb5 e6 4.Bxc6 bxc6 5.O-O Ne7 6.c3 d5 7.Qe2 c4 8.d4 cxd3
9.Qxd3 Ng6 10.Re1 Be7 11.exd5 cxd5 12.a4 O-O 13.b4 Qd7 14.Bd2 f6 15.Na3 e5
16.Qb5 a6 17.Qxd7 Bxd7 18.h3 Bxa4 19.Nc4 Bb5 20.Ne3 Rfd8 21.Nf5 Bf8 22.g4 Kf7
23.h4 Ne7 24.Ng3 Nc8 25.Be3 Nd6 26.Nd2 Rdc8 27.Rac1 Bd7 28.f3 Nc4 29.Nxc4 Rxc4
30.Bd2 Rac8 31.h5 d4 32.Ne4 dxc3 33.Rxc3 Bxb4 34.Rd3 Ke7 35.Bxb4+ Rxb4 36.Kf2 Be6  0-1

[Event "Petr Izmailov Mem"]
[Site "Tomsk RUS"]
[Date "2009.06.28"]
[Round "5"]
[White "Yakunin,A"]
[Black "Medvedev,E"]
[Result "1-0"]
[WhiteElo "2371"]
[BlackElo "2057"]

1.e4 c5 2.Nf3 Nc6 3.Bb5 g6 4.O-O Bg7 5.c3 e5 6.Re1 Nge7 7.Na3 O-O 8.Nc2 Qb6
9.Bc4 d6 10.Ne3 h6 11.a3 a5 12.a4 Qc7 13.d3 Kh7 14.g4 Be6 15.Kh1 Qd7 16.Rg1 Rad8
17.Nd5 Kh8 18.Nh4 Nc8 19.Qf3 Bxd5 20.Bxd5 Nb6 21.Bb3 d5 22.Qh3 c4 23.Nf5 h5
24.dxc4 dxc4 25.Bc2 Kg8 26.gxh5 Ne7 27.Qh4 gxf5 28.Bh6 Ng6 29.hxg6 f6 30.Be3 Rfe8
31.Bxb6 Rc8 32.Bxa5 Qd2 33.Qh7+ Kf8 34.Bb4+  1-0

[Event "Petr Izmailov Mem"]
[Site "Tomsk RUS"]
[Date "2009.07.01"]
[Round "8"]
[White "Gankin,S"]
[Black "Petrukhina,I"]
[Result "1/2-1/2"]
[WhiteElo "2283"]
[BlackElo "2059"]

1.e4 c5 2.Nf3 Nc6 3.Bb5 g6 4.O-O Bg7 5.c3 Nf6 6.Re1 O-O 7.h3 e5 8.d4 cxd4
9.cxd4 Nxd4 10.Nxd4 exd4 11.Qxd4 d5 12.e5 Ne4 13.Nc3 Nxc3 14.bxc3 Qa5 15.a4 Be6
16.Bd2 Qc7 17.Ra3 Rfc8 18.Rb3 Qc5 19.Qf4 Qe7 20.Rbb1 Rc7 21.Bd3 Re8 22.Qd4 b6
23.Bb5 Bd7 24.f4 Rd8 25.Be3 Qc5 26.Qd1 Qe7 27.Bd4 Bf5 28.Bd3 Bd7 29.Ra1 Qh4
30.Qf3 Bh6 31.Rf1 Be6 32.g4 Bf8 33.f5 Bc8 34.e6 Bc5 35.Rae1 Bxd4+ 36.cxd4 gxf5
37.Bxf5 Bxe6 38.Bxe6 fxe6 39.Rxe6 Qg5 40.Re5 Qh6 41.Rxd5 Re8 42.Re5 Rec8
43.Rc1 a6 44.d5 Qd2 45.Qf1 Rxc1  1/2-1/2

[Event "Petr Izmailov Mem"]
[Site "Tomsk RUS"]
[Date "2009.07.01"]
[Round "8"]
[White "Kiryushkin,A"]
[Black "Postnikov,A"]
[Result "1-0"]
[WhiteElo "2035"]
[BlackElo "1957"]

1.e4 c5 2.Nf3 Nc6 3.Bb5 e6 4.Bxc6 bxc6 5.d3 d6 6.O-O g6 7.c3 Bg7 8.Be3 Rb8
9.Qc2 Qb6 10.Nbd2 Qc7 11.e5 dxe5 12.Bxc5 Ba6 13.Rfe1 Rd8 14.d4 exd4 15.Nxd4 Rd5
16.b4 Bf8 17.Bxf8 Kxf8 18.N2b3 e5 19.Nf3 Bd3 20.Qb2 f6 21.Nc5 Kf7 22.Qb3 Bf5
23.Rad1 Ne7 24.Nd2 Kg7 25.Nc4 Rdd8 26.Ne3 Rxd1 27.Nxf5+ Nxf5 28.Ne6+ Kg8
29.Nxc7+ Kf8 30.Rxd1 Ne3 31.Rd8+ Kg7 32.Rxh8 Kxh8 33.Qf7 h5 34.Qf8+ Kh7 35.Ne8 Ng4
36.Qg7+  1-0

[Event "Petr Izmailov Mem"]
[Site "Tomsk RUS"]
[Date "2009.07.01"]
[Round "8"]
[White "Ainutdinova,Y"]
[Black "Medvedev,E"]
[Result "0-1"]
[WhiteElo "1887"]
[BlackElo "2057"]

1.e4 c5 2.Nf3 Nc6 3.Bb5 g6 4.O-O Bg7 5.c3 Nf6 6.Re1 O-O 7.d4 cxd4 8.cxd4 d5
9.e5 Ne8 10.Bxc6 bxc6 11.Nbd2 Qb6 12.Nb3 Nc7 13.Bg5 Re8 14.Qd2 Bg4 15.Bh6 Bxf3
16.gxf3 Ne6 17.Bxg7 Kxg7 18.Rac1 Rab8 19.Rc3 a5 20.a4 Qb4 21.f4 Kh8 22.Kh1 Ng7
23.Qd3 Nf5 24.Ra1 e6 25.Ra3 Rec8 26.Rc5 Qe1+ 27.Kg2 Nh4+ 28.Kg3 g5 29.fxg5 Rg8
30.Qd2 Rxb3+  0-1

[Event "ZMD Open"]
[Site "Dresden GER"]
[Date "2009.07.02"]
[Round "9"]
[White "Boyarchenko,M"]
[Black "Horvath,P1"]
[Result "0-1"]
[WhiteElo "2028"]
[BlackElo "2439"]

1.e4 c5 2.Nf3 Nc6 3.Bb5 g6 4.Bxc6 dxc6 5.d3 Bg7 6.h3 Nf6 7.Nc3 Nd7 8.Be3 e5
9.Qd2 h6 10.O-O Qe7 11.Nh2 Nf8 12.Ne2 Ne6 13.Rae1 g5 14.Ng3 b6 15.Nf5 Qc7
16.Qc3 f6 17.a4 a5 18.Nf3 O-O 19.Nd2 Kh7 20.g4 h5 21.f3 Nd4 22.Kg2 Be6 23.b3 Rh8
24.Nxg7 Kxg7 25.Rh1 Rad8 26.Nc4 Rh7 27.Nd2 Rdh8 28.Bf2 Qd7 29.Bxd4 cxd4 30.Qa1 hxg4
31.fxg4 Bxg4 32.h4 Rxh4 33.Rxh4 Rxh4 34.Rh1 Bh3+ 35.Kf2 Qg4 36.Qg1 Qf4+  0-1

[Event "XXXII Open"]
[Site "Barbera ESP"]
[Date "2009.07.05"]
[Round "2"]
[White "Ridameya Tatche,J"]
[Black "Exposito Amaro,J"]
[Result "0-1"]
[WhiteElo "2123"]
[BlackElo "2231"]

1.e4 c5 2.Nf3 Nc6 3.Bb5 e6 4.O-O Nge7 5.c3 a6 6.Ba4 d5 7.exd5 Qxd5 8.Re1 Ng6
9.d4 b5 10.c4 Qd6 11.cxb5 Nxd4 12.bxa6+ Bd7 13.Bxd7+ Qxd7 14.Be3 Nxf3+ 15.Qxf3 Rxa6
16.Nc3 Be7 17.Red1 Qa7 18.Ne4 O-O 19.Qe2 Qa8 20.a3 Ra5 21.f3 h5 22.Rac1 Rc8
23.Nd6 Rc6 24.Nc4 Ra4 25.Rd7 Bf6 26.b3 Raa6 27.Rcd1 Qb8 28.Qc2 h4 29.h3 Qc8
30.R7d3 Ra8 31.Rd6 Rxd6 32.Rxd6 Qc7 33.Rd3 Qg3 34.Qf2 Qb8 35.Qd2 Be7 36.Qc2 Qc7
37.Qe2 Rb8 38.a4 Bf6 39.f4 Rb4 40.Qf2 Qb8 41.f5 exf5 42.Qxf5 Rxb3 43.Rxb3 Qxb3
44.Qxc5 Qxa4 45.Qc8+ Kh7 46.Qg4 Bd8 47.Qh5+ Kg8 48.Qd5 Bc7 49.Kf2 Qa2+ 50.Ke1 Bg3+
51.Kd1 Qb3+ 52.Kd2 Qb4+ 53.Kc2 Be1 54.Bd2 Qa4+ 55.Kc1 Qa1+ 56.Kc2 Qa2+ 57.Kc3 Bg3
58.Qd8+ Kh7 59.Qd3 Qa8 60.Qe2 Qc6 61.Qf1 Be5+ 62.Kb3 Qb5+ 63.Bb4 Qd5 64.Qe2 Bf6
65.Qc2 Kg8 66.Qd2 Qe6 67.Qd6 Qe4 68.Qd2 Nf4 69.Qe3 Qb1+ 70.Ka4 Qd1+ 71.Ka3 Nxg2
72.Qe8+ Kh7 73.Qe4+ g6 74.Qxg2 Qd3+ 75.Ka4 Qxc4 76.Ka3 Qc1+ 77.Kb3 Qe3+ 78.Ka4 Qf4
79.Kb5 Qg5+ 80.Qxg5 Bxg5 81.Kc4 Bf4 82.Kd4 f5 83.Kd3 g5 84.Ke2 g4 85.Be7 gxh3
86.Kf3 Bg3 87.Bd8 Kg6 88.Be7 Kh5 89.Bd8 f4 90.Bb6 Be1 91.Bc5 Bd2 92.Bd6 Be3
93.Be7 h2 94.Kg2 Bg1 95.Kh1 Kg4 96.Bd6 f3 97.Bg3 h3 98.Bf2 Bxf2  0-1

[Event "37th Greek Teams"]
[Site "Kallithea GRE"]
[Date "2009.07.05"]
[Round "4"]
[White "Pavlidis,Ant"]
[Black "Vragoteris,A"]
[Result "1-0"]
[WhiteElo "2360"]
[BlackElo "2266"]

1.e4 c5 2.Nf3 Nc6 3.Bb5 g6 4.Bxc6 dxc6 5.d3 Bg7 6.O-O Nf6 7.Nc3 O-O 8.h3 b6
9.Nh2 e5 10.Be3 Nh5 11.Ne2 Qc7 12.Qd2 Rd8 13.Bh6 c4 14.Bxg7 Kxg7 15.Qe3 cxd3
16.cxd3 c5 17.f4 Nxf4 18.Nxf4 exf4 19.Rxf4 Be6 20.Raf1 Rd7 21.Kh1 Rad8 22.Rh4 h5
23.Qg5 Rh8 24.Rhf4 Bxa2 25.Rf6 Rxd3 26.Nf3 Rxf3 27.R1xf3 Rd8 28.e5 Rd1+ 29.Rf1 Qd8
30.Rxd1 Qxd1+ 31.Kh2 Qd4 32.Rd6 Qf2 33.Rd7 Be6 34.Rxa7 b5 35.Rc7 b4 36.Qf6+ Qxf6
37.exf6+ Kxf6 38.Rxc5 h4 39.Kg1 g5 40.Kf2 b3 41.Ke3 Kg6 42.Ke4 g4 43.hxg4 Bxg4
44.Kf4 Be6 45.Rg5+ Kh6 46.Rg8 Kh7 47.Rb8 f6 48.Rb6 Bd5 49.Kg4 Bxg2 50.Kh5  1-0

[Event "37th Greek Teams"]
[Site "Kallithea GRE"]
[Date "2009.07.06"]
[Round "6"]
[White "Bojkov,D"]
[Black "Kryvoruchko,Y"]
[Result "1/2-1/2"]
[WhiteElo "2521"]
[BlackElo "2611"]

1.e4 c5 2.Nf3 Nc6 3.Bb5 g6 4.Bxc6 bxc6 5.O-O Bg7 6.c3 Nh6 7.d4 Qb6 8.h3 O-O
9.b3 d6 10.Be3 cxd4 11.Bxd4 Qa5 12.Bxg7 Kxg7 13.c4 f6 14.Qd3 Nf7 15.Nc3 Rb8
16.Rfd1 Bd7 17.Qe3 c5 18.Nh4 e6 19.f4 Bc6  1/2-1/2

[Event "XXXII Open"]
[Site "Barbera ESP"]
[Date "2009.07.07"]
[Round "4"]
[White "Sanchez Romero,M"]
[Black "Colon Garcia,E"]
[Result "0-1"]
[WhiteElo "2251"]
[BlackElo "2173"]

1.e4 c5 2.Nf3 Nc6 3.Bb5 g6 4.Bxc6 dxc6 5.h3 Bg7 6.Nc3 Nf6 7.d3 Nd7 8.Be3 e5
9.Qd2 Qe7 10.Bh6 f6 11.Nh2 Bxh6 12.Qxh6 Nf8 13.f4 exf4 14.Qxf4 Ne6 15.Qh4 Nd4
16.O-O-O Be6 17.Rhf1 Rf8 18.Ng4 f5 19.Qxe7+ Kxe7 20.exf5 gxf5 21.Ne5 Rg8
22.g4 Raf8 23.gxf5 Rxf5 24.Rxf5 Bxf5 25.Re1 Kf6 26.Ng4+ Bxg4 27.Ne4+ Kf7
28.hxg4 Rxg4 29.Nd6+ Kg6 30.c3 Nf3 31.Re6+ Kg5 32.Ne4+ Kf4 33.Rh6 c4 34.dxc4 Kxe4
35.Rxh7 Ne5 36.Kc2 Rg2+ 37.Kb3 Nd3 38.Rh4+ Ke5 39.Rd4 Rxb2+ 40.Ka3 Rd2 41.Rd7 Nb2
42.Rxb7 Nxc4+ 43.Ka4 Rxa2+ 44.Kb4 Rb2+ 45.Ka4 Ra2+ 46.Kb4 Kd5 47.Rd7+ Nd6
48.c4+ Ke6 49.Rc7 Ra6 50.Kc5 Ne4+ 51.Kd4 Nf6 52.Kc5 Nd7+ 53.Kb4 Kd6 54.Rb7 Rb6+
55.Ka5 Rxb7 56.c5+ Kxc5  0-1

[Event "37th Greek Teams"]
[Site "Kallithea GRE"]
[Date "2009.07.07"]
[Round "7"]
[White "Istratescu,A"]
[Black "Papadopoulos,I"]
[Result "1-0"]
[WhiteElo "2624"]
[BlackElo "2450"]

1.e4 c5 2.Nf3 Nc6 3.Bb5 d6 4.O-O Bd7 5.Re1 Nf6 6.h3 Ne5 7.a4 a6 8.Bxd7+ Nfxd7
9.b3 g6 10.Nxe5 Nxe5 11.d4 cxd4 12.Bb2 Bg7 13.Bxd4 O-O 14.c4 Nc6 15.Bxg7 Kxg7
16.Nc3 e6 17.Re3 Qb6 18.Ra2 Rfd8 19.Rd2 Nb4 20.h4 h5 21.Rg3 Kh7 22.Ne2 Rac8
23.Nf4 Rc5 24.Nh3 Rd7 25.Ng5+ Kg8 26.Kh2 Qd8 27.f4 b5 28.cxb5 axb5 29.Rf2 Qf6
30.axb5 Rxb5 31.Qe1 Ra7 32.f5 Ra2 33.Rxa2 Nxa2 34.fxg6 fxg6 35.Qe2 Ra5 36.Qc4 Rc5
37.Qa4 Nc3 38.Qe8+  1-0

[Event "8th Open"]
[Site "La Fere FRA"]
[Date "2009.07.07"]
[Round "5"]
[White "Feryn,A"]
[Black "Venkatesh,M"]
[Result "0-1"]
[WhiteElo "1994"]
[BlackElo "2426"]

1.e4 c5 2.Nf3 Nc6 3.Bb5 Nf6 4.Bxc6 dxc6 5.d3 g6 6.h3 Bg7 7.O-O Nd7 8.Nbd2 O-O
9.Qe2 e5 10.Nc4 h6 11.a4 a5 12.Bd2 Qc7 13.Nh2 Kh7 14.f4 b5 15.axb5 cxb5 16.Ne3 exf4
17.Nd5 Qc6 18.c3 Nb6 19.Ne7 Qe6 20.Nxc8 Rfxc8 21.Rxf4 Kg8 22.Raf1 Rf8 23.Be3 Nd7
24.R4f2 f5 25.exf5 gxf5 26.Qd2 Rae8 27.Bf4 b4 28.Nf3 Qb6 29.Qc2 b3 30.Qd1 a4
31.Nd2 Qe6 32.Nc4 Kh7 33.Bd6 Rf7 34.Bg3 Ref8 35.Qf3 Qg6 36.Bd6 Rd8 37.Ra1 Nb6
38.Ne5 Bxe5 39.Bxe5 Ra8 40.h4 Raa7 41.h5 Qg4 42.Bb8 Qxf3 43.Rxf3 Ra8 44.Bd6 a3
45.bxa3 b2 46.Rb1 Na4 47.d4 cxd4 48.cxd4 Rb7 49.Bb4 Rc8 50.Rxf5 Rc1+ 51.Rf1 Rbc7
52.Bc5 Rc2 53.Rf2 Rxf2 54.Kxf2 Nc3 55.Rxb2 Nd1+ 56.Kf3 Nxb2 57.Ke4 Na4 58.Kd5 Rg7
59.Kc6 Rxg2 60.Kb5 Nc3+ 61.Kc4 Ne4 62.Kd5 Nf6+ 63.Ke6 Nxh5 64.d5 Nf4+ 65.Ke5 Nd3+
66.Kd4 Nxc5 67.Kxc5 h5  0-1